The Story of all or none in Sexually Transmitted Diseases Infections ; (Record no. 7779)
[ view plain ]
| 000 -LEADER | |
|---|---|
| fixed length control field | 00368nam a22001097a 4500 |
| 008 - FIXED-LENGTH DATA ELEMENTS--GENERAL INFORMATION | |
| fixed length control field | 190404b ||||| |||| 00| 0 eng d |
| 020 ## - INTERNATIONAL STANDARD BOOK NUMBER | |
| International Standard Book Number | 9781729476536 |
| 100 ## - MAIN ENTRY--PERSONAL NAME | |
| Personal name | Younes, Abdelkhalek Hassan. |
| 245 ## - TITLE STATEMENT | |
| Title | The Story of all or none in Sexually Transmitted Diseases Infections ; |
| Remainder of title | STIs symptoms and treatment |
| 260 ## - PUBLICATION, DISTRIBUTION, ETC. | |
| Place of publication, distribution, etc. | Egypt ; |
| Name of publisher, distributor, etc. | Al- Azhar University, |
| Date of publication, distribution, etc. | NA. |
| 942 ## - Added entry Elements (Koha) | |
| Source of classification or shelving scheme | Dewey Decimal Classification |
| Withdrawn status | Lost status | Source of classification or shelving scheme | Damaged status | Not for loan | Collection code | Home library | Current library | Shelving location | Date acquired | Serial Enumeration / chronology | Total Checkouts | Full call number | Barcode | Date last seen | Price effective from | Koha item type |
|---|---|---|---|---|---|---|---|---|---|---|---|---|---|---|---|---|
| Dewey Decimal Classification | Main TEST | RTC Library | RTC Library | Main opac | 04/04/2019 | 13602 | 613 YOU | 30013686 | 04/04/2019 | 04/04/2019 | Main |